Регионална библиотека "Любен Каравелов" - Русе

Ежедневные упражнения (Запис номер 366554)

MARC детайли
000 -Лидер
Контролно поле с фиксирана дължина ncm a22 a 4500
003 - Код на организацията, давaща контролен номер
Контролно поле BLK
005 - Дата и час на последна редакция
Контролно поле 20200608064727.0
008 - Елементи от данни с фиксирана дължина
fixed length control field 200414b bu ||||| |||| 00| 0 bu d
040 ## - Източник на каталожния запис
Идентификатор на билиотеката - собственик на записа BLK
041 ## - Код за език
Код за езика на текст/звукозапис или на отделно заглавие Руски
Код за езика КДБФ Руски
080 ## - УДК
Текстов определител УДК Вокална музика. Упражнения, школи, вокализи, колуратури
УДК код - определител по УДК 784.087.5
УДК - код + определител 784.087.5
100 ## - Редна дума - Автор
R(LIN) 413438
Автор Лютген, Б.
Авторска отговорност първи автор
139 ## - Редно поле
Редна дума Лютген, Б.
Авторски знак Лют - Л 96
245 ## - Сведения за заглавието
Заглавие Ежедневные упражнения
Подзаглавни данни 20 маленьких вокализов для высокого голоса с фортепьяно
Редно поле (дума) Б. Лютген
260 ## - Област на издателските данни
Място на издаване, разпространение и проч. Москва
Име на издателя, разпространителя и проч. Музыка
Година на издаване 1965
300 ## - Физическа характеристика
Страници 31 с.
Размери/Мащаб 28 см
380 ## - Жанр
Жанр Изкуство
490 ## - СЕРИИ (Колекции)
9 (RLIN) 405197
Име на серия Вокально - педагогический репертуар
650 #0 - Допълнително описание по предмет – тема
9 (RLIN) 276877
Основно описание – тема или топоним Вокално изкуство - теория
653 #7 - Ключова дума – ненормативна
9 (RLIN) 183594
Ключова дума вокална педагогика
653 #7 - Ключова дума – ненормативна
9 (RLIN) 183324
Ключова дума висок глас
653 #7 - Ключова дума – ненормативна
9 (RLIN) 188624
Ключова дума клавирен съпровод
852 ## - Местоположение
Форматна сигнатура Цб М ІІ 3465
Фондова буква Хранилище
999 ## - СИСТЕМНИ КОНТРОЛНИ НОМЕРА
Koha biblionumber 366554
Koha biblioitemnumber 366554
942 ## - АРТИКУЛИ
Източник на класификационната схема Universal Decimal Classification
Вид на библиотечния материал Нотни издания
Скрит в OPAC Не
Периодичен библиозапис Да
944 ## - СЪЗДАВАНЕ И РЕДАКЦИЯ на ЗАПИСА
Създаване/Редакция Създаване
Дата на регистрацията/редакция 2020-06-08
Служител, извършил регистрацията/редакцията ВК
Наличности
Код за отписване Код за изгубен артикул Източник на класификационната схема Код за повреда Коз за рестрикции Код за отдаване Артикулен № Име на библиотеката - собственик Име на библиотеката, в която се намира в момента Статус (Текущо местоположение) Дата на вписване в системата Местоположение - отдел Цена в лева Инвентарен номер Систематично азбучна сигнатура Баркод Цена в евро Служебен тип на артикула
  Не е изгубен Universal Decimal Classification Не е повреден само за читалня ползва се в читалня 776351 Регионална библиотека "Любен Каравелов" Русе Регионална библиотека "Любен Каравелов" Русе Хранилище 2020-06-14 Основен фонд - ползва се само за читалня 0.32 14950/65 Цб М ІІ 3465 900000019133 0.16 Нотни издания
Vip Innovations Ltd, Rousse, Bulgaria 2025